De Gaulle's republic (Record no. 421963)

000 -LEADER
fixed length control field 00495cam a22001577a 4500
008 - FIXED-LENGTH DATA ELEMENTS--GENERAL INFORMATION
fixed length control field 180718b1960 xxu||||| |||| 00| 0 eng d
082 ## - DEWEY DECIMAL CLASSIFICATION NUMBER
Classification number B5x44 W674d
100 ## - MAIN ENTRY--PERSONAL NAME
Personal name Williams, Philip M.
245 ## - TITLE STATEMENT
Title De Gaulle's republic
Statement of responsibility, etc. by Philip M. Williams and Martin Harrison
260 ## - PUBLICATION, DISTRIBUTION, ETC.
Place of publication, distribution, etc. London
Name of publisher, distributor, etc. Longmans
Date of publication, distribution, etc. 1960
300 ## - PHYSICAL DESCRIPTION
Extent vii, 279p
650 ## - SUBJECT ADDED ENTRY--TOPICAL TERM
Topical term or geographic name entry element Algeria --History --1945.
650 ## - SUBJECT ADDED ENTRY--TOPICAL TERM
Topical term or geographic name entry element France --Politics and government --1945
650 ## - SUBJECT ADDED ENTRY--TOPICAL TERM
Topical term or geographic name entry element Gaulle, Charles de, 1890-1970
700 ## - ADDED ENTRY--PERSONAL NAME
Personal name Harrison, Martin
Holdings
Withdrawn status Lost status Damaged status Not for loan Permanent Location Current Location Date acquired Full call number Barcode Date last seen Price effective from Koha item type
        Indian Institute of Public Administration Indian Institute of Public Administration 2009-08-11 B5x44 W674d 22078 2018-07-21 2018-07-21 Book

Powered by Koha